000
00290nam a22001337a 4500
999
_c
54881
_d
54881
008
190507b ||||| |||| 00| 0 eng d
020
_a
9789951697903
041
_a
eng
080
_2
070
_a
070
100
_a
PR
101
_a
MED
245
_a
Gazetaria Online
_c
Ahmeti, L
942
_2
udc
_c
BK